[Event "Petrov Memorial op"]
[Site "St Petersburg"]
[Date "2000.02.09"]
[Round "3"]
[White "Zakharevich, Igor"]
[Black "Loginov, Anton"]
[Result "1-0"]
[WhiteElo "2485"]
[BlackElo "2355"]
[Annotator "Tsesarsky,I"]
[PlyCount "87"]
[EventDate "2000.02.05"]
[EventType "swiss"]
[EventRounds "9"]
[EventCountry "RUS"]
[SourceTitle "CBM 076"]
[Source "ChessBase"]
[SourceDate "2000.05.31"]
[SourceVersion "1"]
[SourceVersionDate "2000.05.31"]
[SourceQuality "1"]

{[%mdl 4128]} 1. d4 d5 2. Nf3 e6 3. c4 Nf6 4. Bg5 Be7 5. Nc3 Ne4 6. Bxe7 Nxc3
$6 $14 {This move is bad novelty.} (6... Qxe7 7. cxd5 (7. Qc2) 7... Nxc3 8.
bxc3 exd5 {-Theory}) 7. Bxd8 Nxd1 8. Bxc7 (8. Rxd1 Kxd8 9. e3 Ke7 $11) 8...
Nxb2 9. c5 $6 $11 {White has par of Bishops, so it is better to open the game,
not to close.} (9. cxd5 $5 exd5 10. Rb1 (10. Rc1 Na6 (10... O-O 11. e3 $16 {
[%csl Gc7,Gf1]}) 11. e3 Bf5 12. Bb5+ (12. Ne5 O-O $11) 12... Ke7 13. Bxa6 bxa6
$11) 10... Nc4 (10... Na4 11. e3 Nc3 12. Rb3 Ne4 13. Bb5+ Bd7 (13... Nc6 14.
Ne5 (14. Bxc6+ bxc6 15. O-O Ba6 16. Rc1 Bc4 17. Rb7 (17. Rb2 f6 $11) 17... f6
18. Bg3 O-O 19. a3 Rf7 $11) 14... Bd7 15. f3 Rc8 16. Nxd7 Kxd7 17. fxe4 Kxc7
18. Rf1 f6 19. exd5 $16) 14. Bxd7+ Kxd7 15. Rxb7 Kc6 16. Rxb8 Raxb8 17. Bxb8
Rxb8 18. O-O $16) 11. e3 Na6 12. Bg3 O-O 13. Bd3 b6 14. O-O Be6 15. Ng5 $14)
9... Na6 (9... Nc4 $2 $16 10. Rb1 (10. e3 Na6 11. Bg3 Nb4 12. Kd1 b6 13. Ne5
Nxe5 14. Bxe5 bxc5 (14... f6 15. Bd6 bxc5 16. Bxc5 $14) 15. dxc5 Ba6 16. Rb1
Bxf1 17. Rxf1 a5 18. a3 Nc6 19. Bc3 O-O $11) (10. e4 $1 Na6 (10... dxe4 11. Ng5
(11. Bxc4 exf3 12. gxf3 Nc6 13. O-O-O $132) 11... Na6 12. Bg3 Na3 (12... b5 13.
cxb6 Nxb6 14. Bb5+ Ke7 15. Bc6 $16) 13. O-O-O Nb4 (13... f5 14. Kb2 $18) 14.
Kb2 Nbc2 15. Nxe4 $16 {[%csl Ra3,Rc2]}) 11. Bg3 (11. Bxc4 dxc4 (11... Nxc7 12.
exd5 exd5 13. Bd3 O-O 14. Kd2 $14) 12. Bd6 Nb4 13. Kd2 $14) 11... b6 (11... b5
12. exd5 exd5 13. Rb1 Bd7 14. Bd3 O-O 15. O-O Rfe8 $14) 12. exd5 exd5 13. O-O-O
Nb4 (13... bxc5 14. Bxc4 dxc4 15. Rhe1+ $18) 14. Bxc4 dxc4 15. Rhe1+ Kd8 (15...
Be6 16. d5 $18) 16. Ng5 Be6 17. d5 Bxd5 18. Nxf7+ $16) 10... b6 11. e4 dxe4 12.
Bxc4 exf3 13. gxf3 Nc6 $11) ({Interest move was} 9... Nc6 $5 10. e3 Kd7 11. Bg3
Nc4 12. Rc1 N6a5 13. Bd3 f6 $132 {[%cal Gb7b6]}) 10. Bg3 Na4 $2 $16 {Zigbert
Tarrash said something about N in offside many years ago...} (10... Nc4 $1 11.
e4 $5 (11. e3 b6 $11) 11... dxe4 (11... Nb4 12. Bxc4 (12. exd5) 12... dxc4 13.
Kd2 $16) 12. Ng5 $1 (12. Bxc4 exf3 13. gxf3 Nb4 $11) 12... Na5 $1 (12... Na3
13. O-O-O Bd7 14. Nxe4 O-O 15. Nd6 Ba4 16. Rd2 Nc7 17. Nxb7 (17. Rb2 b5 $14)
17... Nd5 (17... Rab8 18. Rb2 $16) 18. Bd3 $16) 13. Nxe4 Nc6 (13... Nb4 14.
Nd6+ Kf8 15. Kd2 Nd5 (15... b6 16. cxb6 axb6 17. Nxc8 Rxc8 18. Bd6+ $18) (15...
Nac6 16. Rb1 Nxa2 17. Nxc8 Rxc8 18. Bd6+ Kg8 19. Rxb7 a5 20. Bc4 Nab4 21. Kc3
$16) 16. Rb1 h5 17. h4 g6 (17... b6 18. Bb5 $16 {[%cal Gh1c1]}) 18. Bd3 Kg7 19.
Rhc1 $14) 14. Nd6+ Ke7 15. Bxa6 bxa6 16. Rb1 Rd8 $11) 11. Kd2 (11. e3 $1 Nc3 (
11... Nb4 12. Rb1 a5 13. Rb3 {[%cal Ga2a3,Gf1b5]} Ra7 14. a3 Na6 15. Bb5+ Bd7
16. Bxa6 Rxa6 17. Rxb7 $18) 12. Bxa6 bxa6 13. a3 $16 {[%csl Yc5,Rc8][%cal
Gg3b8]} (13. c6 $2 a5 14. a4 Ba6 15. Bc7 (15. Ra3 Ne4 16. Nd2 Nxg3 17. hxg3 Ke7
$132) 15... Rc8 16. Bxa5 Ne4 (16... Rxc6 17. Rc1 $18) 17. Rc1 Bc4 18. Ne5 (18.
c7 Nd6 19. Rb1 Ba6 20. Rb8 O-O $11) 18... Bb3 19. f3 Nd6 20. c7 Bxa4 21. Ra1
Bb5 22. Bb4 Nf5 23. Rxa7 f6 $11)) 11... f6 $2 $18 (11... Nb4 12. e3 (12. a3 Nc6
13. e3 a6 14. Rb1 $16) 12... a6 13. a3 Nc6 14. Rb1 $16) 12. Rb1 $1 e5 (12...
O-O 13. e3 $18 {[%csl Ra4,Rb7][%cal Gf1b5]}) 13. e3 {[%csl Ra4,Ra6,Rc8] Piece
loss is question ot time} (13. dxe5 $2 N6xc5 $132) 13... O-O 14. Bb5 N6xc5 15.
dxc5 Nxc5 16. Rbc1 $2 $14 ({Better was} 16. Rhc1 Bf5 17. Rb2 Ne4+ 18. Ke1 $18)
16... Ne4+ 17. Ke2 Bg4 18. h3 Bh5 {Threatening Nxg3 and e5-e4} 19. Bh2 ({
It was impossible to connect rooks} 19. Rhd1 Nxg3+ (19... Rac8 20. Bd7 Nxg3+
21. fxg3 Rxc1 22. Rxc1 e4 23. Be6+ Kh8 24. Rc7 d4 25. exd4 Rb8 26. Ke3 exf3 27.
gxf3 a5 28. d5 $18) 20. fxg3 e4 21. Rxd5 exf3+ 22. gxf3 Bf7 $11) 19... Rfc8 20.
Bd7 (20. g4 Bg6 (20... Bf7 21. Bd7 $16) 21. Bd7 Nc3+ 22. Kf1 Rc5 23. Nd2 $14)
20... Nc3+ 21. Ke1 Rc4 $2 $16 (21... Rc5 $1 {With the same idea, but without a
little tactic trik} 22. g4 Bg6 23. Be6+ Bf7 (23... Kf8 24. Bxd5 $18) 24. Bxf7+
(24. Bf5 g6 $1 25. Bb1 (25. Kd2 gxf5 26. Rxc3 Rxc3 27. Kxc3 fxg4 28. hxg4 d4+
29. exd4 Bd5 $15) 25... Rac8 $14 {[%csl Rh2]}) 24... Kxf7 25. Nd2 Rac8 $14 {
[%csl Rh2]}) 22. Be6+ Bf7 23. Bxf7+ Kxf7 24. Bxe5 $1 {White unexpected solve
the Bh2 problem!} Nxa2 25. Rb1 $2 $44 (25. Ra1 $2 Nb4 26. Kd1 fxe5 27. Nxe5+
Ke6 28. Nxc4 dxc4 29. Ke2 a5 30. Rhb1 Ra6 $132) (25. Rxc4 $1 dxc4 26. Bd4 a5
27. Kd2 b5 28. Ra1 Nb4 29. Bc3 Nc6 (29... Nd3 30. Rxa5 Rxa5 31. Bxa5 Nxf2 32.
Nd4 $18) 30. Nd4 Nxd4 (30... Rd8 31. Bxa5 Nxd4 32. exd4 Rxd4+ 33. Kc2 $16) 31.
Bxd4 $16) 25... b5 (25... Rac8 26. Rxb7+ Kg8 27. Bb2 Rc1+ 28. Bxc1 Rxc1+ 29.
Kd2 Rxh1 30. Rxa7 Rf1 $1 31. Ke2 Ra1 32. Rc7 (32. Kd2 Rf1 $11) 32... Nc1+ 33.
Kd2 Nb3+ 34. Kd3 Ra2 35. Kc3 Na1 36. Nd4 $16 {[%csl Ra1]} Rxf2 37. Ra7 Rxg2 (
37... Rf1 38. Kb2 Rf2+ 39. Kxa1 Rxg2 $16) 38. Rxa1 Rg3 39. Ra8+ Kf7 40. Ra7+
Kg8 (40... Kg6 41. Rxg7+ $18) 41. Nf5 Rf3 42. Ne7+ Kf8 43. Nxd5 Rxh3 44. Kd4
$16) 26. Bb2 a5 27. Nd4 a4 28. Kd2 (28. Nxb5 $2 Rb4 29. Kd2 Rxb5 30. Bxf6 Rxb1
31. Rxb1 Kxf6 32. Rb2 Nb4 33. Rxb4 a3 34. Rb1 a2 35. Ra1 Ke5 $15) 28... b4 $2
$16 (28... a3 $1 29. Ba1 (29. Bxa3 Rxa3 30. Nxb5 {[%cal Gb5d6]} Ra6 31. Rb2 g5
32. Ra1 Rb4 $11) 29... b4 30. Rb3 Rac8 31. Rhb1 g5 32. g4 Kg6 33. f3 h5 34. Rh1
(34. Nf5 R8c7 35. Bd4 Rc2+ 36. Kd1 Rh2 $17) 34... Rh8 35. Rbb1 h4 36. Nf5 Rh7
$11) 29. Ra1 b3 30. Rxa2 $1 bxa2 31. Ra1 Rb8 32. Rxa2 h5 (32... a3 33. Bxa3 Ra8
34. Ra1 (34. Nb5 $2 Rca4 35. Kd3 R8a5 36. Rb2 Rxb5 37. Rxb5 Rxa3+ $11) 34...
Rca4 35. Nc2 $18 {[%cal Ga3b2]}) 33. Ne2 $2 (33. h4 $16) 33... Rb3 $2 (33... g5
$1 $14) 34. Bd4 Rb1 (34... g5 {Too late} 35. Nc3 Rbb4 36. Nd1 $1 (36. g4 $6
hxg4 37. hxg4 Ke6 38. Kd3 (38. Nd1 Rxd4+ 39. exd4 Rxd4+ 40. Ke2 Rxg4 41. Nc3
$14) 38... Rb3 39. e4 Rbxc3+ 40. Bxc3 Rxe4 41. Bd4 Rxg4 42. Rxa4 Rf4 43. Ra6+
Kf7 44. Rd6 Rf5 45. Be3 Ke7 46. Bc5 Kf7 47. Kc3 Rf3+ 48. Kb4 g4 $14) 36... Rc8
(36... Rc6 37. Bc3 Rbc4 38. Ra3 $18 {[%cal Gd1b2]}) 37. Bc3 Rb1 38. Bb2 Rc4 39.
Nc3 Rg1 40. g3 Rf1 (40... h4 41. gxh4 Rxh4 42. Nxd5 f5 43. Bd4 Rxh3 44. Rxa4
Rh2 45. Ke2 Rgg2 46. e4 fxe4 47. Nc3 Rh4 48. Be5 $18) 41. Ke2 Rh1 42. Kd3 h4
43. Nxd5 hxg3 44. fxg3 Rc6 45. Bd4 f5 (45... Rxh3 46. Rxa4 Rxg3 47. Ra7+ Ke6
48. Nxf6 $18) 46. h4 gxh4 47. gxh4 Ra6 (47... Rxh4 48. Rxa4 $18) 48. Nb6 Rxh4
49. Nxa4 f4 50. e4 Rh3+ 51. Kc4 f3 52. Kb5 Re6 (52... Ra8 53. Rf2 Rg8 54. Nc5
$18) 53. Nc5 Re8 54. Kc4 $18) 35. Nc3 $2 (35. Nf4 $1 {[%csl Rd5,Rh5]} Rf1 36.
Ke2 Rb1 37. Nxh5 $18) 35... Rg1 $2 $18 (35... Rbb4 $1 36. Nd1 (36. Nxd5 Rxd4+
$11) 36... Rc8 37. Nb2 (37. Bc3 Rb1 38. Ra3 g5 39. Kc2 Rb4 40. Nb2 d4 41. exd4
Rxd4 42. Rxa4 Rxa4 43. Nxa4 $14) 37... Ra8 38. Nd3 Rb5 $14) 36. g3 h4 37. gxh4
Rh1 38. Nxd5 Rcc1 39. Rxa4 Rcg1 40. Ra7+ Kg8 41. Nf4 Rf1 42. Ke2 Re1+ 43. Kf3
g5 44. hxg5 {It is not easy to play endgame like this!} 1-0

[Event "RUS Cup final 4th"]
[Site "Elista"]
[Date "2000.08.19"]
[Round "1"]
[White "Najer, Evgeniy"]
[Black "Kruppa, Yuri"]
[Result "1-0"]
[WhiteElo "2597"]
[BlackElo "2582"]
[Annotator "Tsesarsky,I"]
[PlyCount "107"]
[EventDate "2000.08.19"]
[EventType "tourn"]
[EventRounds "11"]
[EventCountry "RUS"]
[EventCategory "12"]
[SourceTitle "CBM 079"]
[Source "ChessBase"]
[SourceDate "2000.11.21"]
[SourceVersion "1"]
[SourceVersionDate "2000.11.21"]
[SourceQuality "1"]

1. d4 d5 2. c4 e6 3. Nc3 Be7 4. Nf3 Nf6 5. Bg5 h6 6. Bxf6 Bxf6 7. Qc2 $6 $11 {
In my opinion, not the best move.} (7. Qd3 dxc4 (7... Nc6 8. O-O-O Nb4 9. Qb1
c5 10. e3 O-O 11. a3 cxd4 12. exd4 Bg5+ 13. Nxg5 Qxg5+ 14. Rd2 Nc6 15. h4 Qf4
16. g3 Qf6 17. cxd5 Nxd4 18. Qa2 e5 19. f4 $132 {1-0 Veingold,A-Petrosian,A/
Sverdlovsk 1984/ (31)}) 8. Qxc4 O-O 9. e4 b6 10. e5 Be7 11. O-O-O Bb7 12. Bd3
Qd7 13. Be4 Bxe4 14. Nxe4 Qc6 15. Qxc6 Nxc6 16. a3 Rfd8 17. Nc3 $11 {1/2-1/2
Timman,J-Beliavsky,A/Chess Classic Masters, Frankfurt GER 1998/ (56)}) (7. g3
O-O {see comments to the game 1/2-1/2 Yarovik,Y-Krivko,Y/Omsk 1996/CBM 57/
[Tsesarsky] (52)}) (7. Qb3 $5 {-mainline}) (7. e3 $5 {-mainline}) 7... dxc4 (
7... Nc6 8. Rd1 O-O 9. e4 (9. e3 $5) 9... dxe4 10. Qxe4 {1/2-1/2 Quinteros,
M-Hjartarson,J/New York 1984/[Kostakiev] (29)}) (7... c6 8. e4 dxe4 9. Qxe4 c5
10. O-O-O $132 {0-1 Pisulinski,J-Gizynski,T/POL-chT Lubniewice 1994/ (25)}) 8.
e3 (8. O-O-O {see comments to the game 0-1 Bradbury,N-Wells,P/London Lloyds
1985/ (39) (Tsesarsky) in the noted later game Bacrot - Kortschnoj}) 8... c5 9.
dxc5 Qa5 10. Bxc4 Qxc5 11. Ne4 Qb4+ $1 $11 (11... Qa5+ 12. Ke2 $5 {see
comments to the game 0-1 Bacrot,E-Kortschnoj,V/Albert 1997/CBM 61/[Kortschnoj,
Tsesarsky] (54)}) 12. Nfd2 ({Here} 12. Ke2 $6 {is mot such effective as after
11...Qa5+} Qxb2 $1 13. Nxf6+ Qxf6 14. Bb5+ Nd7 $15) 12... Nd7 $5 {Black is not
satisfied by draw and wants to win!} ({after} 12... Qxb2 $1 {this position
transform forced to dead-drawn RR endgame:} 13. Nd6+ (13. Nxf6+ Qxf6 14. Bb5+
Nd7 15. O-O O-O $15) 13... Ke7 14. Qxb2 Bxb2 15. Nxc8+ Rxc8 16. Rb1 Bc3 17.
Rxb7+ Nd7 18. Ke2 Bxd2 19. Bb5 Rd8 20. Kxd2 Rab8 21. Rxd7+ (21. Rxb8 Rxb8 22.
a4 Nc5 23. Kc2 a6 $15) 21... Rxd7+ 22. Bxd7 Kxd7 23. Rd1 $11 {I am sure,
Kruppa saw this variation...}) 13. Bb3 Be7 (13... O-O 14. O-O $11) 14. O-O O-O
15. Qc7 $5 {Not standard move! 95 percent of chessplayers were play here} (15.
Rfd1 $14 {[%cal Ga1c1]}) ({or} 15. Rac1 {[%cal Gf1d1]}) 15... Bd8 $5 (15... Nf6
16. a3 (16. Rac1 Nxe4 17. Nxe4 b5 (17... b6 18. Rc4 $18) 18. Bc2 Bd8 $11) 16...
Qb6 17. Qxe7 Nxe4 18. Nxe4 Qxb3 19. Rab1 b6 $11 {[%cal Gc8a6]}) 16. Qf4 {
[%csl Rb4][%cal Ge4f6]} Qe7 17. Rac1 Nb6 $6 {Not proper place for N.} ({
Equal position was keep natural move} 17... Nf6 18. Rfd1 Bd7 $11 {with
development completion.}) 18. Nd6 Qf6 $5 (18... e5 $5 19. Nxc8 Rxc8 20. Qe4 Rb8
(20... Re8 21. Nf3 Rc7 22. Rfd1 $16 {[%csl Re5][%cal Gh2h4,Gb3c2]}) 21. Nf3 Re8
22. Rfd1 Bc7 23. h4 $14 {[%cal Gb3c2]}) 19. Qe4 $1 {Right P sacrifice! - maybe
missed by Black.} Qe7 (19... Qxb2 20. N2c4 Nxc4 21. Rxc4 Ba5 22. Rfc1 $14 {
[%csl Rb7,Rc8]}) 20. Qf4 Qf6 21. Qe4 Qe7 {do you agree for draw?} 22. Qd4 {
No! I want to play...} Bd7 (22... e5 23. Nxc8 Rxc8 24. Qe4 $14 {-see comments
to 18-th move}) 23. Nf3 $6 $11 (23. Rc2 $5 $14 {[%cal Gf1c1]}) 23... Bc6 24.
Ne5 (24. Rfd1 $6 Bc7 (24... Bxf3 25. gxf3 Bc7 26. Nxb7 Bxh2+ 27. Kxh2 Qxb7 28.
Rg1 $14) 25. Ne5 Bd5 26. Ndc4 Rfd8 $15) 24... Bc7 $6 $14 ({after} 24... Bd5 $1
{White must play very careful:} 25. Bxd5 $1 (25. Nf5 $2 Qg5 26. Bxd5 Nxd5 27.
Nd6 (27. Ng3 Bf6 28. f4 Bxe5 29. fxg5 Bxd4 30. exd4 hxg5 $17) 27... Bb6 28. Qe4
f5 29. Qf3 f4 (29... Nxe3 30. Ndf7 $132) 30. e4 Qxe5 31. Nc4 Qg5 32. exd5 Qxd5
$17) 25... Nxd5 26. Nec4 $1 (26. Nc8 $6 Qf6 27. Qe4 (27. Nd7 Qxd4 28. exd4 Re8
29. Nd6 Re7 30. Nc5 b6 $17) 27... Bc7 28. Nd7 Qd8 29. Nxf8 Qxf8 30. Nxa7 Rxa7
31. a3 $15) 26... Bc7 27. Nf5 $11) 25. Nxc6 Qxd6 26. Qxd6 Bxd6 27. Rfd1 $1 Nc8
$6 $16 (27... Bxh2+ 28. Kxh2 bxc6 29. Rxc6 Rfc8 $14) 28. Nd4 {[%csl Ra8,Gc1,
Rc8,Gd1,Rf8][%cal Gd1d6] White has clear advantage - white RR placed on open
lines, it is difficult for Black to complete development.} ({Good also} 28. Na5
$1 Be5 (28... b6 29. Nc6 $16) 29. Rc2 Rb8 30. f4 Bf6 31. Rd7 Nb6 32. Rxb7 Rxb7
33. Nxb7 Rc8 34. Rxc8+ Nxc8 35. Nc5 Bxb2 36. Nxe6 $1 $16) 28... a6 29. f4 Re8
30. f5 $1 e5 (30... exf5 $2 31. Nxf5 $18 {[%csl Rd6,Rf7][%cal Gd1d7]}) 31. Nf3
{[%csl Rc8][%cal Gc1c8] threatening Rxc8 and Rxd6.} e4 32. Nd2 Rb8 ({
Interesting was also} 32... Bf8 33. Rc7 (33. Bd5 Nd6 34. Nc4 Nxc4 35. Rxc4 Rad8
$14) 33... Nd6 34. Nc4 Nxc4 (34... Nxf5 35. Nb6 $18) 35. Bxc4 Re7 36. Rdd7 b5
37. Bd5 Rae8 38. g4 Rxd7 39. Rxd7 Re7 40. Rd8 $16 {White just promote PP on
the kingside, and Black can't find any counterplay:} Re5 41. Kf2 h5 42. h3 h4
$1 (42... hxg4 43. hxg4 a5 44. Kg3 $18 {[%cal Gg3f4,Gg4g5]}) 43. b4 Kh7 (43...
Re7 44. g5 Re5 45. g6 Rxf5+ 46. Ke2 Rxd5 47. Rxd5 Bxb4 48. Rd4 Ba3 49. Rxe4
fxg6 50. Rxh4 $18) 44. a3 $1 (44. Bxf7 Bxb4 45. Ra8 a5 46. Bg8+ Kh8 47. Be6+
Kh7 48. g5 g6 $1 $14) 44... Be7 45. Rd7 g6 46. Be6 $1 gxf5 47. Bxf5+ (47. Rxe7
Rxe6 48. Rxf7+ Kg6 49. Rxf5 $16) 47... Kg7 48. Ra7 Bg5 49. Rxa6 $16) 33. Kf2
Nb6 (33... Be5 34. Nxe4 $16 {[%cal Gd1d7]} Nb6 (34... Bxb2 35. Rc7 Rxe4 36.
Bxf7+ $18 {[%csl Rg8]}) 35. h4 $16 {[%csl Rf7][%cal Gg2g4,Gf2f3,Gb3f7]}) 34.
Nxe4 Bxh2 35. Nd6 Bxd6 36. Rxd6 Rbc8 $2 $18 ({Non-standard} 36... Na8 $1 {
[%csl Gc7] was the last possibility to defence this difficult position:} 37.
Rd7 Rf8 38. Kf3 Nb6 39. Rdc7 (39. Re7 Nc8) 39... Na8 40. Re7 b5 $16) 37. Rxc8
Nxc8 38. Rd7 Rf8 39. Rxb7 Nd6 40. Rb6 Ne4+ (40... Nxf5 41. Rxa6 $18) 41. Kf3
Nd2+ 42. Kf4 Nxb3 43. Rxb3 {P over and active K makes White winning question
of time.} Rd8 44. Rb6 Rd2 45. g4 Kf8 46. a4 a5 47. b3 Ke7 48. Rb5 Rb2 49. Ke5
f6+ 50. Kd5 Rd2+ 51. Kc5 Rc2+ 52. Kb6 Rg2 53. b4 Rxg4 54. bxa5 {Young E.Najer
played the middlegame and endgame very well, much better than his strong
experienced opponent!} 1-0